000 00673nam a2200217Ii 4500
003 JO-AjNU
008 230606s9999||||xx |||||||||||||| ||und||
020 _a978-1-83921-467-7
040 _aJO-AjNU
_beng
_erda
_cJO-AjNU
041 _aeng
050 1 4 _aQA76.76 2020
100 3 _achou,eric,
_eauthor
_96709
245 0 0 _aMastering Python Networking: Your one-stop solution to using Python for network automation, programmability, and DevOps
250 _a3ed
264 3 1 _aBIRMINGHAM-MUMBAI:PACKT,2020
300 _a548P
336 _atext
_btxt
_2rdacontent
337 _aunmediated
_bn
_2rdamedia
338 _avolume
_bnc
_2rdacarrier
650 4 _aENGINEERS
_96710
999 _aE3485
_c3478
_d3478